[Event "WWCC 2006"]
[Site "0:38.38-0:19.33"]
[Date "2006.03.11"]
[Round "11"]
[White "Koneru, Humpy"]
[Black "Sabure, Tuduetso"]
[Result "1-0"]
[WhiteElo "2537"]
[WhiteCountry "IND"]
[BlackElo "2072"]
[BlackCountry "BOT"]
[Remark "WWCC 2006 Match 002"]
[PresId "1000110002"]

1. d4 d5 2. Nf3 Nc6 3. Bf4 Nf6 4. e3 e6 5. Be2 Be7 6. h3 O-O 7. Nbd2
Bd7 8. O-O Nh5 9. Bh2 f5 10. c4 Be8 11. a3 a5 12. Rc1 Rc8 13. Nb3 b6
14. cxd5 exd5 15. Ne5 Nxe5 16. Bxe5 Nf6 17. Ba6 Ra8 18. Bxc7 Qd7 19.
Bd3 Bd6 20. Bxd6 Qxd6 21. Bxf5 g6 22. Bd3 Bd7 23. Nd2 Rae8 24. Nf3 Re7
25. Ne5 Rxe5 26. dxe5 Qxe5 27. Qe2 Qg5 28. f4 Qh6 29. Rc7 Rf7 30. Rfc1
Nh5 31. Bb5 Ng3 32. Qf3 Bxb5 33. Qxg3 Qg7 34. Rxf7 Qxf7 35. Qg5 Qd7
36. Qe5 Bc4 37. b3 b5 38. bxc4 dxc4 39. Rb1 b4 40. axb4 Qd3 41. Qb8+
Kg7 42. bxa5 Qxe3+ 43. Kh2 Qa3 44. Qe5+ 1-0
*

[Event "WWCC 2006"]
[Site "0:04.31-0:15.31"]
[Date "2006.03.11"]
[Round "11"]
[White "Basta-Sohair, F."]
[Black "Cramling, Pia"]
[Result "0-1"]
[WhiteElo "2083"]
[WhiteCountry "EGY"]
[BlackElo "2515"]
[BlackCountry "SWE"]
[Remark "WWCC 2006 Match 003"]
[PresId "1000110003"]

1. d4 d5 2. g3 c5 3. Nf3 cxd4 4. Nxd4 e5 5. Nf3 Nc6 6. Bg2 Nf6 7. O-O
h6 8. b3 Bc5 9. Bb2 Qe7 10. Nc3 e4 11. Ne1 Be6 12. Na4 Ba3 13. Kh1
Bxb2 14. Nxb2 h5 15. h4 Ng4 16. Qd2 f5 17. c4 d4 18. Nc2 Rd8 19. Bh3
Nxf2+ 20. Rxf2 e3 21. Qe1 exf2 22. Qxf2 f4 23. Bg2 fxg3 24. Qxg3 O-O
25. Nd3 Bg4 26. Nf4 Qe5 27. Bd5+ Rxd5 28. cxd5 Rxf4 29. Rg1 Bxe2 30.
dxc6 Bf3+ 0-1
*

[Event "WWCC 2006"]
[Site "0:24.16-0:00.19"]
[Date "2006.03.11"]
[Round "11"]
[White "Xu, Yuhua"]
[Black "Hoang, Xuan Thanh Khiet"]
[Result "1-0"]
[WhiteElo "2502"]
[WhiteCountry "CHN"]
[BlackElo "2196"]
[BlackCountry "VIE"]
[Remark "WWCC 2006 Match 006"]
[PresId "1000110006"]

1. e4 e5 2. Nc3 Nf6 3. Bc4 Nc6 4. d3 Be7 5. Nge2 O-O 6. O-O d6 7. f4
exf4 8. Nxf4 Ne5 9. Bb3 c6 10. Kh1 b5 11. d4 Nc4 12. a4 b4 13. Bxc4
bxc3 14. Bd3 cxb2 15. Bxb2 Qa5 16. e5 dxe5 17. dxe5 Bg4 18. Qc1 Nd5
19. Nxd5 cxd5 20. Qe3 Be6 21. Bc3 Qc7 22. a5 Bc5 23. Qf4 Rfd8 24. Rae1
d4 25. Bd2 Bf8 26. Qh4 g6 27. a6 Bc4 28. Ba5 Qxa5 29. Bxc4 Rd7 30. e6
1-0
*

[Event "WWCC 2006"]
[Site "0:13.04-0:01.00"]
[Date "2006.03.11"]
[Round "11"]
[White "Hou, Yifan"]
[Black "Kosintseva, Nadezhda"]
[Result "1-0"]
[WhiteElo "2269"]
[WhiteCountry "CHN"]
[BlackElo "2480"]
[BlackCountry "RUS"]
[Remark "WWCC 2006 Match 009"]
[PresId "1000110009"]

1. e4 c5 2. Nf3 e6 3. d4 cxd4 4. Nxd4 a6 5. Bd3 Bc5 6. Nb3 Ba7 7. O-O
Ne7 8. c4 d6 9. Nc3 Nbc6 10. Qe2 e5 11. Be3 O-O 12. Rfd1 Be6 13. Rac1
Ng6 14. Bxa7 Rxa7 15. Qe3 Qb8 16. Qb6 Rd8 17. Bf1 Nf8 18. Nd5 Nd7 19.
Qc7 a5 20. Qxb8 Ncxb8 21. Nc7 a4 22. Na1 Nc5 23. f3 Kf8 24. Nc2 Ke7
25. Rd2 Nc6 26. Nb5 Ra6 27. Rcd1 Na5 28. Ne3 Rc6 29. Nc3 Na6 30. Nxa4
Nxc4 31. Bxc4 Bxc4 32. Nf5+ Kf8 33. b3 Be6 34. Nxd6 Rb8 35. Nb5 Nc5
36. Nac3 Rb6 37. Rd8+ Rxd8 38. Rxd8+ Ke7 39. Rg8 g6 40. Nc7 Rd6 41.
N3d5+ Bxd5 42. Nxd5+ Kd7 43. Rg7 Ke6 44. Rxh7 Rd8 45. g4 Nd3 46. h4
Rc8 47. h5 Rc1+ 48. Kg2 Rc2+ 49. Kg3 g5 50. Rh6+ Kd7 51. Rf6 Nf2 52.
Rxf7+ Kd6 53. Ne3 Nh1+ 54. Kh3 Nf2+ 55. Kg2 Rxa2 56. Kf1 Nd3 57. h6
Nf4 58. h7 Ra1+ 59. Kf2 Ra2+ 60. Kg1 Nh3+ 61. Kf1 Ra1+ 62. Kg2 Nf4+
63. Rxf4 1-0
*

[Event "WWCC 2006"]
[Site "0:02.16-0:00.18"]
[Date "2006.03.11"]
[Round "11"]
[White "Vijayalakshmi, Subbaraman"]
[Black "Berezina, Irina"]
[Result "1-0"]
[WhiteElo "2479"]
[WhiteCountry "IND"]
[BlackElo "2285"]
[BlackCountry "AUS"]
[Remark "WWCC 2006 Match 010"]
[PresId "1000110010"]

1. d4 Nf6 2. c4 g6 3. Nc3 Bg7 4. g3 d6 5. Bg2 O-O 6. Nf3 Nc6 7. O-O
Bf5 8. Ne1 Qc8 9. e4 Bh3 10. Nc2 Bxg2 11. Kxg2 e5 12. d5 Ne7 13. b4 a5
14. a3 Nd7 15. Rb1 axb4 16. axb4 f5 17. f3 Kh8 18. Be3 b6 19. Qe2 Ng8
20. Ra1 Ngf6 21. Bg1 fxe4 22. fxe4 h5 23. Nb5 Qb7 24. Rfb1 Rxa1 25.
Rxa1 Ne8 26. Ne1 Bh6 27. Be3 Bxe3 28. Qxe3 Kg7 29. Nf3 Ndf6 30. h3 Nh7
31. Ra7 Qb8 32. Ra2 Rf7 33. Na7 Qa8 34. Ra3 Qd8 35. Nc6 Qc8 36. Nd2
Nef6 37. c5 bxc5 38. bxc5 Ne8 39. Rb3 Qa6 40. Nd8 Re7 41. Ne6+ Kg8 42.
Rb8 Nf6 43. Qh6 Rxe6 44. Qxg6+ Kf8 45. dxe6 Qe2+ 46. Kg1 Qd1+ 47. Nf1
Qd4+ 48. Kg2 Qxe4+ 49. Qxe4 Nxe4 50. cxd6 Nxd6 51. Nd2 Ke7 52. Kf3 Nf6
53. Nf1 Kxe6 54. Ne3 Nf7 55. Rc8 Kd7 56. Ra8 Ng5+ 57. Kg2 Nf7 58. g4
hxg4 59. hxg4 Ne4 60. Kh3 Ke6 61. Kh4 Neg5 62. Ra6+ Kd7 63. Kh5 Ne6
64. Kg6 Nd6 65. Nf5 Ne4 66. Ra4 Nf2 67. Ne3 Nd3 68. Kf6 Ndc5 69. Ra1
e4 70. g5 Kd6 71. Rd1+ Nd3 72. g6 c5 73. Ra1 Nb4 74. Ra8 Nc6 75. Re8
1-0
*

[Event "WWCC 2006"]
[Site "0:00.06-0:03.12"]
[Date "2006.03.11"]
[Round "11"]
[White "Meenakshi, S."]
[Black "Kosintseva, Tatiana"]
[Result "0-1"]
[WhiteElo "2289"]
[WhiteCountry "IND"]
[BlackElo "2479"]
[BlackCountry "RUS"]
[Remark "WWCC 2006 Match 011"]
[PresId "1000110011"]

1. d4 d5 2. Nc3 Nf6 3. Bg5 Nbd7 4. Nf3 e6 5. e4 h6 6. Bh4 dxe4 7. Nxe4
Be7 8. Nxf6+ Nxf6 9. Bd3 O-O 10. c3 b6 11. Bc2 Ba6 12. Bxf6 Bxf6 13.
Be4 Rb8 14. Qa4 Qc8 15. g4 c5 16. h4 Bb7 17. Qc2 Be7 18. O-O-O cxd4
19. Nxd4 Qc4 20. Kb1 Rfd8 21. f3 Bf6 22. Bd3 Qc5 23. Nb3 Qe3 24. g5
Be7 25. Nd4 Bc5 26. gxh6 Bxd4 27. cxd4 Qxh6 28. Be4 Rbc8 29. Qg2 Bd5
30. Rhg1 Rc4 31. Qf2 Qf6 32. Bd3 Rxd4 33. Be2 Ra4 34. a3 Rxh4 35. Rh1
Rxh1 36. Rxh1 g6 37. Qh2 Kf8 38. Qc7 Ra8 39. Qd6+ Kg8 40. Qh2 Qg7 41.
Qf4 e5 42. Qh4 Re8 43. Bb5 Rf8 44. Be2 Be6 45. Qe7 a5 46. Qd6 Qf6 47.
Ka1 b5 48. Qb6 b4 49. a4 Qd8 50. Qc5 Qd5 51. Qxd5 Bxd5 52. Rc1 Be6 53.
Kb1 Rc8 54. Rd1 Bb3 55. Rd2 Kg7 56. Bb5 Rh8 0-1
*

[Event "WWCC 2006"]
[Site "0:10.23-0:07.06"]
[Date "2006.03.11"]
[Round "11"]
[White "Socko, Monika"]
[Black "Ju, Wenjun"]
[Result "1/2-1/2"]
[WhiteElo "2475"]
[WhiteCountry "POL"]
[BlackElo "2290"]
[BlackCountry "CHN"]
[Remark "WWCC 2006 Match 012"]
[PresId "1000110012"]

1. d4 Nf6 2. c4 g6 3. Nc3 Bg7 4. e4 d6 5. Nf3 O-O 6. Be2 e5 7. O-O Nc6
8. d5 Ne7 9. Ne1 Nd7 10. Be3 f5 11. f3 f4 12. Bf2 g5 13. g4 fxg3 14.
hxg3 h5 15. Qd2 Ng6 16. Ng2 a5 17. Na4 b6 18. a3 Nc5 19. Nxc5 bxc5 20.
b4 axb4 21. axb4 Rxa1 22. Rxa1 cxb4 23. Ra8 b3 24. Rb8 Qe7 25. Rxb3
Bh3 26. Kh2 Bxg2 27. Kxg2 h4 28. g4 Nf4+ 29. Kh2 Ra8 30. c5 dxc5 31.
Bc4 Kh7 32. Rb5 Qf6 33. Bxc5 Ra4 34. Rb4 Rxb4 35. Bxb4 Bf8 36. Bc3 Bc5
37. Bb5 Nh3 38. f4 Ng1 39. Kh1 gxf4 40. Bd7 Nf3 41. Qd3 Nd4 42. Bxd4
Bxd4 43. Be6 Kh6 44. Kg2 Qe7 45. Qa6 Qb4 46. Bf5+ Bb6 47. g5+ Kxg5 48.
Qe2 Kf6 49. Qg4 Qd2+ 50. Kh3 Qe3+ 51. Kxh4 Qf2+ 1/2-1/2
*

[Event "WWCC 2006"]
[Site "0:02.54-0:01.34"]
[Date "2006.03.11"]
[Round "11"]
[White "Zhao, Xue"]
[Black "Kursova, Maria"]
[Result "1/2-1/2"]
[WhiteElo "2473"]
[WhiteCountry "CHN"]
[BlackElo "2319"]
[BlackCountry "RUS"]
[Remark "WWCC 2006 Match 014"]
[PresId "1000110014"]

1. d4 Nf6 2. c4 e6 3. Nf3 b6 4. Nc3 Bb7 5. a3 d5 6. cxd5 Nxd5 7. Qc2
Nxc3 8. bxc3 Be7 9. e4 O-O 10. Bd3 c5 11. O-O Qc8 12. Qe2 Ba6 13. Rd1
Bxd3 14. Rxd3 Nd7 15. h4 Qa6 16. Bg5 Rfe8 17. e5 Rac8 18. Re1 Bf8 19.
Qe4 cxd4 20. cxd4 Rc4 21. Qe3 Rec8 22. Rb3 Qa5 23. Qd2 Qxd2 24. Bxd2
a6 25. Kf1 b5 26. Ke2 Nb6 27. Kd3 h6 28. Ra1 Ra4 29. Ne1 Rac4 30. Rc3
Na4 31. Rxc4 bxc4+ 32. Ke2 Rb8 33. Nc2 Rb2 34. Kd1 Rb3 35. Ba5 Nc3+
36. Bxc3 Rxc3 37. a4 Be7 38. g3 Rb3 39. a5 Bd8 40. Ra4 c3 41. Ke2 Rb5
42. Kd3 Bxa5 43. Ne3 h5 44. Ra1 Kh7 45. Nc4 Bb4 46. Rxa6 Rd5 47. Ne3
Rd7 48. Ra4 Be7 49. Kxc3 g5 50. hxg5 Bxg5 51. Nc4 Kg6 52. Kd3 Be7 53.
Ke4 Rb7 54. Ne3 Rb2 55. f4 Re2 56. Rc4 Ba3 57. Rc2 Re1 58. Kf3 Bc1 59.
Nc4 Rd1 60. Ke2 Rg1 61. Kf3 Rd1 62. Nd6 Ba3 63. Ke2 Rg1 64. Rc8 Rb1
65. Ne4 Kf5 66. Nf2 Rb2+ 67. Kf3 Rb3+ 68. Kg2 h4 69. gxh4 Kxf4 70. Rc7
Rg3+ 71. Kf1 Rg7 72. Ke2 Bb2 73. Kd3 Rg3+ 74. Ke2 Bxd4 75. Rxf7+ Kxe5
76. Rf3 1/2-1/2
*

[Event "WWCC 2006"]
[Site "0:00.39-0:08.02"]
[Date "2006.03.11"]
[Round "11"]
[White "Aketaeva, Dana"]
[Black "Qin, Kanying"]
[Result "0-1"]
[WhiteElo "2330"]
[WhiteCountry "KAZ"]
[BlackElo "2469"]
[BlackCountry "CHN"]
[Remark "WWCC 2006 Match 015"]
[PresId "1000110015"]

1. Nf3 Nf6 2. c4 c5 3. Nc3 Nc6 4. e4 e5 5. d3 d6 6. Be2 Be7 7. O-O O-O
8. a3 Bd7 9. Rb1 Nd4 10. b4 b6 11. Qd2 h6 12. Nxd4 cxd4 13. Nd1 b5 14.
Nb2 Rc8 15. Re1 a6 16. Bd1 Nh7 17. Qe2 Kh8 18. a4 f5 19. Bb3 Bh4 20.
Rf1 f4 21. f3 Bg3 22. Bd2 Qh4 23. h3 Rf6 24. Be1 Rg6 25. cxb5 Bxh3 26.
Bxg3 fxg3 27. gxh3 Ng5 28. Rfc1 Nxh3+ 29. Kf1 Rf8 30. Ke1 Nf4 0-1
*

[Event "WWCC 2006"]
[Site "0:22.02-0:00.10"]
[Date "2006.03.11"]
[Round "11"]
[White "Galliamova, Alisa"]
[Black "Purtseladze, Maka"]
[Result "1-0"]
[WhiteElo "2467"]
[WhiteCountry "RUS"]
[BlackElo "2341"]
[BlackCountry "GEO"]
[Remark "WWCC 2006 Match 016"]
[PresId "1000110016"]

1. e4 c6 2. d4 d5 3. Nd2 dxe4 4. Nxe4 Bf5 5. Ng3 Bg6 6. h4 h6 7. Nf3
Nd7 8. h5 Bh7 9. Bd3 Bxd3 10. Qxd3 e6 11. Bf4 Qa5+ 12. Bd2 Bb4 13. c3
Be7 14. c4 Qc7 15. O-O-O Ngf6 16. Rhe1 Bd6 17. Nf5 O-O 18. Nxd6 Qxd6
19. g4 Nxg4 20. Qe2 Rfd8 21. Rg1 f5 22. Nh4 Nf8 23. f3 Nf6 24. Bxh6
Rd7 25. Qe3 Kh7 26. Bf4 Qb4 27. Be5 Qxc4+ 28. Kb1 Qb4 29. Qg5 Qe7 30.
h6 Ne8 31. Ng6 Nxg6 32. Qxg6+ Kg8 33. hxg7 Nxg7 34. Bxg7 1-0
*

[Event "WWCC 2006"]
[Site "0:01.17-0:12.42"]
[Date "2006.03.11"]
[Round "11"]
[White "Lujan, Carolina"]
[Black "Dembo, Yelena"]
[Result "1/2-1/2"]
[WhiteElo "2346"]
[WhiteCountry "ARG"]
[BlackElo "2461"]
[BlackCountry "GRE"]
[Remark "WWCC 2006 Match 017"]
[PresId "1000110017"]

1. e4 c5 2. Nf3 Nc6 3. d4 cxd4 4. Nxd4 Nf6 5. Nc3 d6 6. Bg5 Bd7 7.
Bxf6 gxf6 8. Be2 Qa5 9. O-O Nxd4 10. Qxd4 Rc8 11. Kh1 Qc5 12. Qd2 h5
13. f4 h4 14. h3 Rg8 15. Qe1 Rg3 16. Rf3 Qb6 17. Rb1 Rxf3 18. Bxf3 e6
19. f5 Bg7 20. Bg4 Kf8 21. fxe6 fxe6 22. Nd5 Qb5 23. Nf4 Qg5 24. Nxe6+
Bxe6 25. Bxe6 Rxc2 26. Qf1 Qe3 27. Bb3 Rc5 28. Rd1 Ke7 29. Bd5 Qg5 30.
b4 Rc2 31. e5 dxe5 32. Bxb7 Rc7 33. Be4 Qe3 34. Bf5 Bh6 35. Qb5 Bf4
36. Rd7+ Rxd7 37. Qxd7+ Kf8 38. Qd6+ Kf7 39. Qe6+ Kf8 40. Qxf6+ Ke8
41. Qe6+ Kf8 42. Qd6+ Kf7 43. Be6+ Kg7 44. Qe7+ Kg6 45. Qf7+ Kh6 46.
Qf8+ Kg6 47. Qf5+ Kh6 48. Qf6+ Kh7 49. Bf5+ Kg8 50. Be6+ Kh7 51. Qf7+
Kh6 52. Qf8+ Kg6 53. Qf7+ Kh6 54. Qf8+ 1/2-1/2
*

[Event "WWCC 2006"]
[Site "0:16.01-0:15.44"]
[Date "2006.03.11"]
[Round "11"]
[White "Skripchenko, Almira"]
[Black "Houska, Jovanka"]
[Result "0-1"]
[WhiteElo "2461"]
[WhiteCountry "FRA"]
[BlackElo "2355"]
[BlackCountry "ENG"]
[Remark "WWCC 2006 Match 018"]
[PresId "1000110018"]

1. d4 d5 2. c4 e6 3. Nf3 c6 4. Nc3 Nf6 5. Bg5 Be7 6. e3 h6 7. Bh4 O-O
8. Bd3 Nbd7 9. O-O dxc4 10. Bxc4 b5 11. Bd3 Bb7 12. Rc1 a6 13. a4 Rc8
14. Qe2 Re8 15. Rfd1 Qb6 16. Ne5 Nxe5 17. dxe5 Nd5 18. Bxe7 Nxc3 19.
Rxc3 Rxe7 20. Rdc1 Rd8 21. Be4 Red7 22. R3c2 bxa4 23. h3 c5 24. Bxb7
Rxb7 25. Qc4 Qb5 26. Qh4 Rc8 27. Rd1 Rd7 28. Rxd7 Qxd7 29. Qe4 Qb5 30.
Kh2 c4 31. Rd2 a5 32. Qd4 a3 33. bxa3 c3 34. Rc2 Qb3 35. Qd3 Qxa3 36.
Qd7 Qc5 37. f4 Qc4 38. f5 exf5 39. Qxf5 a4 40. Qd7 a3 41. Qa7 Qe4 42.
Rf2 Qxe5+ 43. g3 c2 44. Qxf7+ Kh8 0-1
*

[Event "WWCC 2006"]
[Site "0:00.01-0:02.23"]
[Date "2006.03.11"]
[Round "11"]
[White "Pina, Sulennis"]
[Black "Kovalevskaya, Ekaterina"]
[Result "0-1"]
[WhiteElo "2358"]
[WhiteCountry "CUB"]
[BlackElo "2458"]
[BlackCountry "RUS"]
[Remark "WWCC 2006 Match 019"]
[PresId "1000110019"]

1. e4 c5 2. Nf3 Nc6 3. Bb5 g6 4. Bxc6 dxc6 5. d3 Bg7 6. h3 Nf6 7. Nc3
Nd7 8. Be3 e5 9. Qd2 h6 10. O-O Qe7 11. Nh2 Nf8 12. f4 exf4 13. Rxf4
Ne6 14. Rf2 Nd4 15. Raf1 Be6 16. b3 O-O-O 17. Ne2 Nxe2+ 18. Rxe2 g5
19. a3 b6 20. b4 cxb4 21. axb4 Qd7 22. Ref2 Rhf8 23. Nf3 f5 24. exf5
Rxf5 25. d4 Bc4 26. Ra1 Rdf8 27. Qc3 Bd5 28. Ne5 Rxf2 29. Bxf2 Qf5 30.
Bg3 Bxe5 31. dxe5 h5 32. Qd2 h4 33. Bh2 Bc4 34. Qe1 g4 35. hxg4 Qxg4
36. Qe3 Rg8 37. Qf2 Bd5 38. e6 Qxg2+ 0-1
*

[Event "WWCC 2006"]
[Site "0:02.38-0:11.39"]
[Date "2006.03.11"]
[Round "11"]
[White "Mkrtchian, Lilit"]
[Black "Ruan, Lufei"]
[Result "1/2-1/2"]
[WhiteElo "2453"]
[WhiteCountry "ARM"]
[BlackElo "2361"]
[BlackCountry "CHN"]
[Remark "WWCC 2006 Match 020"]
[PresId "1000110020"]

1. d4 d5 2. c4 c6 3. Nc3 Nf6 4. Nf3 dxc4 5. a4 Bf5 6. Ne5 Nbd7 7. Nxc4
Nb6 8. Ne5 a5 9. Bg5 h6 10. Bh4 Nbd5 11. Qb3 Qb6 12. Qxb6 Nxb6 13. f3
Nfd7 14. Nxd7 Nxd7 15. e4 Bg6 16. O-O-O e5 17. dxe5 Nxe5 18. f4 Nd7
19. g4 f6 20. Bc4 Bc5 21. Rhe1 Nb6 22. Ba2 Bf7 23. Bxf7+ Kxf7 24. e5
Rhe8 25. Ne4 Bb4 26. Nd6+ Bxd6 27. Rxd6 Rad8 28. e6+ Ke7 29. Rxd8 Rxd8
30. Re4 Rd5 31. Bf2 Nc8 32. f5 h5 33. h3 hxg4 34. hxg4 g6 35. fxg6 Rg5
36. g7 b6 37. Rd4 Kxe6 38. Rd8 Ne7 39. Bxb6 Rxg7 40. Rd4 Rg5 41. Re4+
Kd7 42. Be3 Rg8 43. Bd2 Ra8 44. Kc2 Nd5 45. b3 Kc7 46. g5 Kd6 1/2-1/2
*

[Event "WWCC 2006"]
[Site "0:04.31-0:11.57"]
[Date "2006.03.11"]
[Round "11"]
[White "Ovod, Evgenija"]
[Black "Dzagnidze, Nana"]
[Result "0-1"]
[WhiteElo "2366"]
[WhiteCountry "RUS"]
[BlackElo "2452"]
[BlackCountry "GEO"]
[Remark "WWCC 2006 Match 021"]
[PresId "1000110021"]

1. d4 Nf6 2. c4 e6 3. Nf3 d5 4. Nc3 Bb4 5. Qa4+ Nc6 6. Bg5 O-O 7. e3
a6 8. a3 Be7 9. b4 h6 10. Bh4 Bd7 11. Qc2 dxc4 12. Bxc4 b5 13. Bd3 a5
14. Nxb5 axb4 15. a4 Qb8 16. O-O Rc8 17. Ne5 Nxe5 18. dxe5 Nd5 19.
Bxe7 Nxe7 20. Qc5 Nd5 21. Be4 Rxa4 22. Rxa4 Bxb5 23. Raa1 Bxf1 24.
Bxd5 Qb5 25. Ra5 Qxc5 26. Rxc5 Bd3 27. Bc4 Bxc4 28. Rxc4 c5 29. Kf1 b3
30. Rc1 c4 0-1
*

[Event "WWCC 2006"]
[Site "0:14.53-0:02.06"]
[Date "2006.03.11"]
[Round "11"]
[White "Krush, Irina"]
[Black "Amura, Claudia N."]
[Result "1-0"]
[WhiteElo "2447"]
[WhiteCountry "USA"]
[BlackElo "2366"]
[BlackCountry "ARG"]
[Remark "WWCC 2006 Match 022"]
[PresId "1000110022"]

1. d4 d5 2. c4 e5 3. dxe5 d4 4. Nf3 Nc6 5. g3 Nge7 6. Bg2 Ng6 7. Bg5
Qd7 8. e6 fxe6 9. h4 Bb4+ 10. Kf1 a5 11. Nbd2 O-O 12. h5 Nge5 13. h6
Bxd2 14. Qxd2 g6 15. Rc1 Nxf3 16. exf3 e5 17. f4 Qf5 18. Re1 Bd7 19.
Rh4 Rae8 20. fxe5 Rxe5 21. Rxe5 Qxe5 22. Bd5+ Kh8 23. Rf4 Bf5 24. g4
Bd3+ 25. Kg1 Rxf4 26. Bxf4 Qf6 27. Bg5 Qe5 28. f4 1-0
*

[Event "WWCC 2006"]
[Site "0:20.02-0:19.03"]
[Date "2006.03.11"]
[Round "11"]
[White "Turova, Irina"]
[Black "Javakhishvili, Lela"]
[Result "1/2-1/2"]
[WhiteElo "2379"]
[WhiteCountry "RUS"]
[BlackElo "2444"]
[BlackCountry "GEO"]
[Remark "WWCC 2006 Match 023"]
[PresId "1000110023"]

1. d4 Nf6 2. c4 e6 3. Nc3 Bb4 4. Qc2 O-O 5. a3 Bxc3+ 6. Qxc3 b6 7. Bg5
c5 8. dxc5 bxc5 9. e3 d6 10. O-O-O Ne4 11. Qd3 Nxf2 12. Bxd8 Nxd3+ 13.
Bxd3 Rxd8 14. Be4 d5 15. cxd5 Bb7 16. Ne2 exd5 17. Bxd5 Bxd5 18. e4
Nd7 19. exd5 Nf6 20. Nc3 Rd6 21. Rhe1 Kf8 22. Re2 a6 23. h3 Rad8 24.
g4 h6 25. Re3 g6 26. Re2 R8d7 1/2-1/2
*

[Event "WWCC 2006"]
[Site "Russia"]
[Date "2006.03.11"]
[Round "11"]
[White "Wang, Yu A."]
[Black "Khurtsidze, Nino"]
[Result "1/2-1/2"]
[WhiteElo "2385"]
[WhiteCountry "CHN"]
[BlackElo "2430"]
[BlackCountry "GEO"]
[Remark "WWCC 2006 Match 025"]
[PresId "1000110025"]

1. e4 c6 2. d4 d5 3. e5 Bf5 4. Be3 e6 5. Nd2 Nd7 6. Be2 Ne7 7. Ngf3
Bg6 8. Nh4 Nf5 9. Nxf5 Bxf5 10. O-O Qb6 11. g4 Bg6 12. f4 f6 13. f5
Bf7 14. fxe6 Bxe6 15. exf6 gxf6 16. c4 dxc4 17. Nxc4 Bxc4 18. Bxc4
O-O-O 19. Qb3 h5 20. Qxb6 axb6 21. g5 Re8 22. Rf3 fxg5 23. Bxg5 Bg7
24. Rd1 Re4 25. Rf4 Rhe8 26. Kf2 b5 27. Bf1 Nf6 28. Bh3+ Kb8 29. Kf1
Nd5 30. Rxe4 Rxe4 31. Bg2 Rxd4 32. Rxd4 Bxd4 33. b3 Kc7 34. Bf3 Bf6
35. Bxd5 Bxg5 36. Bf3 h4 37. Ke2 Kd6 38. Kd3 Kc5 39. Bg4 Kb4 40. Bc8
b6 41. Bd7 c5 42. Ke4 1/2-1/2
*

[Event "WWCC 2006"]
[Site "0:03.33-0:00.52"]
[Date "2006.03.11"]
[Round "11"]
[White "Matveeva, Svetlana"]
[Black "Vasilevich, Irina"]
[Result "1-0"]
[WhiteElo "2428"]
[WhiteCountry "RUS"]
[BlackElo "2386"]
[BlackCountry "RUS"]
[Remark "WWCC 2006 Match 026"]
[PresId "1000110026"]

1. d4 Nf6 2. c4 e6 3. Nc3 Bb4 4. Qc2 O-O 5. a3 Bxc3+ 6. Qxc3 b6 7. Nf3
Bb7 8. e3 d5 9. b3 Nbd7 10. Be2 Rc8 11. Bb2 c5 12. O-O Qe7 13. Rac1
dxc4 14. bxc4 cxd4 15. exd4 b5 16. c5 a6 17. Rfe1 Nd5 18. Qd2 h6 19.
Bf1 Bc6 20. g3 Rb8 21. Bg2 Qd8 22. Bc3 Qc8 23. Ba5 Qb7 24. Bh3 Ne7 25.
Ne5 Nxe5 26. Rxe5 Bd5 27. Ree1 Nc6 28. Bb6 Qd7 29. Re3 Rfc8 30. Rd1
Ne7 31. Ba5 Bb7 32. f3 Bd5 33. Bg2 Nf5 34. Rc3 Ne7 35. Re3 Nc6 36. Bb6
Ra8 37. Bf1 Qe7 38. f4 Qd7 39. Ba5 Ra7 40. Bh3 Ne7 41. Rde1 Nc6 42.
Rd1 Raa8 43. Bf1 Re8 44. Bh3 Ne7 45. Rde1 Kh8 46. Bc3 Rad8 47. Ba5 Rc8
48. Bc3 Nc6 49. f5 exf5 50. Bxf5 Qxf5 51. Rxe8+ Rxe8 52. Rxe8+ Kh7 53.
Qf2 Qd3 54. Re3 Qb1+ 55. Re1 Qd3 56. Bb2 a5 57. Qe2 Qb3 58. Rc1 g6 59.
Re1 b4 60. axb4 Nxb4 61. Bc1 Nd3 62. Rf1 a4 63. Bd2 Nb2 64. Qe3 Qxe3+
65. Bxe3 Nc4 66. Kf2 a3 67. Ra1 Be4 68. Bc1 Nb2 69. Rxa3 1-0
*

[Event "WWCC 2006"]
[Site "0:00.58-0:03.04"]
[Date "2006.03.11"]
[Round "11"]
[White "Arakhamia-Grant, Ketevan"]
[Black "Zielinska, Marta"]
[Result "1/2-1/2"]
[WhiteElo "2426"]
[WhiteCountry "GEO"]
[BlackElo "2398"]
[BlackCountry "POL"]
[Remark "WWCC 2006 Match 028"]
[PresId "1000110028"]

1. e4 g6 2. d4 Bg7 3. Nc3 d6 4. Be3 Nd7 5. Nf3 e6 6. Qd2 h6 7. Bc4 a6
8. a4 b6 9. O-O Bb7 10. Rae1 Ne7 11. h3 Nf6 12. d5 e5 13. Nh2 g5 14.
Ng4 Ng6 15. Nxf6+ Qxf6 16. Be2 Nf4 17. Bg4 h5 18. Bf5 Bc8 19. Bxf4
gxf4 20. Bxc8 Rxc8 21. Qe2 Qg6 22. Kh1 Bf6 23. Qxa6 O-O 24. Qe2 Bh4
25. Qf3 Kh8 26. Rd1 Rg8 27. g3 Bf6 28. Ne2 Qh6 29. gxf4 exf4 30. Nxf4
Bxb2 31. Qxh5 Qxh5 32. Nxh5 Rg5 33. Nf4 Ra8 34. Rb1 Be5 35. Nd3 Rh5
36. f4 Bg7 37. Rb4 Re8 38. Rf3 Re7 39. Rc4 Rh4 40. Kg2 f5 41. Re3 Bf6
42. Kg3 Kg8 43. Nf2 Rh5 44. Kf3 fxe4+ 45. Rcxe4 Rf7 46. c4 Be5 47. Kg4
Rhh7 48. fxe5 Rhg7+ 49. Kh4 Rxf2 50. Rg4 Rxg4+ 51. Kxg4 dxe5 52. Rxe5
Rc2 53. Re4 Kf7 54. Kf5 Ra2 55. Rh4 Ke7 56. Ke5 Kd7 57. c5 bxc5 58.
Rg4 Re2+ 59. Re4 Rh2 60. h4 Ke7 61. a5 Ra2 62. h5 Rxa5 63. h6 Kf7 64.
Rg4 Ra7 65. Rg7+ Kf8 66. Rd7 Kg8 67. Kf6 Ra6+ 68. Kg5 Rd6 69. Rxc7
Rxd5+ 1/2-1/2
*

[Event "WWCC 2006"]
[Site "0:02.09-0:00.02"]
[Date "2006.03.11"]
[Round "11"]
[White "Paehtz, Elisabeth"]
[Black "Peng, Zhaoqin"]
[Result "1-0"]
[WhiteElo "2422"]
[WhiteCountry "GER"]
[BlackElo "2407"]
[BlackCountry "NED"]
[Remark "WWCC 2006 Match 030"]
[PresId "1000110030"]

1. e4 e6 2. d4 d5 3. Nc3 Nf6 4. e5 Nfd7 5. f4 c5 6. Nf3 Nc6 7. Ne2 Qb6
8. c3 cxd4 9. Nexd4 Nxd4 10. Nxd4 Be7 11. Bd3 Nc5 12. Bc2 Bd7 13. Qe2
g6 14. O-O a5 15. Rb1 h5 16. Be3 Qa6 17. Qf2 Rc8 18. Rfd1 a4 19. Qe1
Kf8 20. Bf2 h4 21. b4 axb3 22. axb3 b5 23. h3 Qb7 24. b4 Na4 25. Ne2
Kg7 26. Bd4 f5 27. exf6+ Bxf6 28. Bxf6+ Kxf6 29. Qd2 Qc7 30. Qd4+
Kf7 31. Qd3 Rhg8 32. Bxa4 bxa4 33. Rbc1 a3 34. Nd4 Kg7 35. Qe3 Rgf8
36. Rf1 Rf6 37. Rf2 Rcf8 38. Rcf1 Kg8 39. Qd3 Kh7 40. Qd2 Qc4 41. Rf3
Qc7 42. Qf2 Kg7 43. Qxh4 a2 44. Qf2 Ra8 45. Ra1 Qc4 46. Qb2 Rff8 47.
Rf2 Rfc8 48. Rxa2 Rxa2 49. Qxa2 Qxc3 50. Qa7 Rc7 51. Qb6 Kf6 52. Qd6
Qe1+ 53. Kh2 Be8 54. Re2 Qc1 55. Qxe6+ Kg7 56. Qe5+ Kh7 57. Ne6 1-0
*

[Event "WWCC 2006"]
[Site "0:29.24-0:16.29"]
[Date "2006.03.11"]
[Round "11"]
[White "Radziewicz, Iweta"]
[Black "Kononenko, Tatiana"]
[Result "1-0"]
[WhiteElo "2421"]
[WhiteCountry "POL"]
[BlackElo "2417"]
[BlackCountry "UKR"]
[Remark "WWCC 2006 Match 032"]
[PresId "1000110032"]

1. d4 d5 2. c4 c6 3. e3 Nf6 4. Nc3 a6 5. Nf3 Bf5 6. Qb3 b5 7. cxd5
cxd5 8. a4 b4 9. Qxb4 Nc6 10. Qc5 Na5 11. Bxa6 Rxa6 12. Qb5+ Rc6 13.
Ne5 Bd7 14. Nxd7 Nxd7 15. Bd2 Rc8 16. Nxd5 Nc4 17. Rc1 Nd6 18. Rxc8
Qxc8 19. Qa6 Qxa6 20. Nc7+ Kd8 21. Nxa6 Nc4 22. b3 Nxd2 23. Kxd2 e6
24. b4 Bd6 25. a5 Kc8 26. Kc3 Kb7 27. Nc5+ Nxc5 28. dxc5 Be5+ 29. Kc4
Rd8 30. f4 Bf6 31. g4 Rd2 32. g5 Bb2 33. h4 e5 34. h5 exf4 35. exf4
Rd4+ 36. Kb3 Kc6 37. Rb1 Rxf4 38. Rxb2 Kb5 39. Kc3 f6 40. Ra2 fxg5 41.
a6 Rf8 42. a7 Ra8 43. Ra5+ Kc6 44. Kc4 Kb7 45. b5 Rxa7 46. c6+ Kb8 47.
Rxa7 Kxa7 48. Kc5 1-0
*